书目信息 |
| 题名: |
国家教师资格考试专用教材
|
|
| 作者: | ;中公教育教师资格考试研究院 编著 | |
| 分册: | 中学 教育知识与能力(2012中公版) | |
| 出版信息: | 北京 世界图书出版公司 2012 |
|
| 页数: | 262页 | |
| 开本: | 28cm | |
| 丛书名: | ||
| 单 册: | ||
| 中图分类: | G451.1 | |
| 科图分类: | ||
| 主题词: | 教师 , 学生 | |
| 电子资源: | ||
| ISBN: | 7-5100-4482-0 | |
| 000 | 00964nam0 2200241 450 | |
| 001 | 1355487906 | |
| 005 | 20131009155115.46 | |
| 010 | @a7-5100-4482-0@dCNY42.00 | |
| 100 | @a20131009d2012 km y0chiy0120 ea | |
| 101 | 0 | @achi |
| 102 | @aCN@b110000 | |
| 200 | 1 | @a国家教师资格考试专用教材@Aguo jia jiao shi zi ge kao shi zhuan yong jiao cai@i教育知识与能力(2012中公版)@h中学@f中公教育教师资格考试研究院编著@Fzhong gong jiao yu jiao shi zi ge kao shi yan jiu yuan bian zhu |
| 210 | @a北京@c世界图书出版公司@d2012 | |
| 215 | @a262页@d28cm | |
| 300 | @a适用于改革试点省市 | |
| 300 | @a严格依据最新国家教师资格考试磊纲编写 | |
| 517 | 1 | @a教育知识与能力(2012中公版)@Ajiao yu zhi shi yu neng li(2012 zhong gong ban) |
| 606 | 0 | @a教师 |
| 606 | 0 | @a学生 |
| 690 | @aG451.1@v4 | |
| 711 | 02 | @a中公教育教师资格考试研究院@Azhong gong jiao yu jiao shi zi ge kao shi yan jiu yuan@4编著 |
| 801 | 0 | @aCN@b大连网信软件有限公司图书馆·11@c20131009 |
| 905 | @aZUCC@dG451.1@e123 | |
| 国家教师资格考试专用教材.教育知识与能力(2012中公版).中学/中公教育教师资格考试研究院编著.-北京:世界图书出版公司,2012 |
| 262页;28cm |
| 适用于改革试点省市.-严格依据最新国家教师资格考试磊纲编写 |
| ISBN 7-5100-4482-0:CNY42.00 |
| ● |
| 相关链接 |
|
|
|
|
正题名:国家教师资格考试专用教材
索取号:G451.1/123
 
预约/预借
| 序号 | 登录号 | 条形码 | 馆藏地/架位号 | 状态 | 备注 |
| 1 | 0625837 | 206258379 | 第一样本阅览室/ [索取号:G451.1/123] | 在馆 |